Counseling and groups therapy in addiction treatment (Record no. 176010)
[ view plain ]
| 000 -LEADER | |
|---|---|
| fixed length control field | 00554nam a2200193Ia 4500 |
| 003 - CONTROL NUMBER IDENTIFIER | |
| control field | OSt |
| 005 - DATE AND TIME OF LATEST TRANSACTION | |
| control field | 20230607081244.0 |
| 008 - FIXED-LENGTH DATA ELEMENTS--GENERAL INFORMATION | |
| fixed length control field | 210423s2010 xx 000 0 und d |
| 040 ## - CATALOGING SOURCE | |
| Transcribing agency | AL |
| 041 ## - LANGUAGE CODE | |
| Language code of text/sound track or separate title | eng |
| 082 ## - DEWEY DECIMAL CLASSIFICATION NUMBER | |
| Classification number | 362.29 |
| Edition number | 23 |
| Item number | TTKC |
| 100 ## - MAIN ENTRY--PERSONAL NAME | |
| Personal name | TTK HOSPITAL |
| 9 (RLIN) | 120748 |
| 245 ## - TITLE STATEMENT | |
| Title | Counseling and groups therapy in addiction treatment |
| 260 ## - PUBLICATION, DISTRIBUTION, ETC. | |
| Place of publication, distribution, etc. | New Delhi |
| Name of publisher, distributor, etc. | Tata McGraw-hill |
| Date of publication, distribution, etc. | 2010 |
| 365 ## - TRADE PRICE | |
| Price amount | 100 |
| Currency code | INR |
| 650 ## - SUBJECT ADDED ENTRY--TOPICAL TERM | |
| Topical term or geographic name entry element | Social Problems & Services |
| 9 (RLIN) | 120749 |
| 906 ## - LOCAL DATA ELEMENT F, LDF (RLIN) | |
| a | addiction ; Counseling ; groups ; therapy ; treatment |
| 942 ## - ADDED ENTRY ELEMENTS (KOHA) | |
| Source of classification or shelving scheme | Dewey Decimal Classification |
| Koha item type | Book |
| Withdrawn status | Lost status | Damaged status | Not for loan | Collection code | Home library | Current library | Date acquired | Source of acquisition | Cost, normal purchase price | Total Checkouts | Full call number | Barcode | Date last seen | Date last checked out | Price effective from | Koha item type |
|---|---|---|---|---|---|---|---|---|---|---|---|---|---|---|---|---|
| MSW | St Aloysius PG Library | St Aloysius PG Library | 02/07/2012 | T T Ranganathan clinical research foundation | 100.00 | 1 | 362.29 TTKC | PG022713 | 12/08/2025 | 12/03/2025 | 04/26/2021 | Book |